Statistics for Wrestling Factions and Tag Teams by Picture

Click here to take the quiz!

General Stats

  • This quiz has been taken 41 times
  • The average score is 9 of 10

Answer Stats

Answer% Correct
D-Generation X
100%
New World Order
100%
The Hart Foundation
94%
The Shield
94%
The Brothers of Destruction
91%
Evolution
85%
The Nation of Domination
82%
The Four Horsemen
76%
The Bullet Club
74%
The Inner Circle
68%

Score Distribution

Percentile by Number Answered

Percent of People with Each Score

Your Score History

You have not taken this quiz